Word Ladder: Modern Shakespeare Quiz Stats

 Plays Quiz Updated Aug 5, 2017

Support Sporcle.
Go Orange.
Score 0/13 Timer 01:30
0 Plays Today
Hint 4-Letter Word % Correct
Crucial chess piece♔ KING ♔
97.4%
Yogi, e.g.BEAR
95.6%
A curve in the road or riverBEND
94.2%
'Friends, Romans, countrymen, ___ me your ears.'LEND
92.5%
It's more, idiomaticallyLESS
92.2%
Necklace componentBEAD
91.5%
'I must be cruel only to be ___' - HamletKIND
90.4%
Curved glass pieceLENS
90.3%
Old pipe materialLEAD
88.9%
A tough spot or predicamentBIND
87.4%
'All in the Family' producer Norman ♚ LEAR ♚
86.6%
Main girl of 'New Girl'JESS
76%
Sharks' rival gang✈ JETS ✈
69.4%

Today's Daily Dose

Missing Word
FPS Games (A-Z)

Quick Pick
Cartoon Lions

Get the Picture
5, 6, 7, or 8 Movies

You're not logged in!

Compare scores with friends on all Sporcle quizzes.
OR
Log In
Forgot?

From the Vault

Games with Geographic Errors

by survivor

Sounds like these game manufacturers could use a little Carmen Sandiego.
Remove Ads.
Support Sporcle.
Get the best of Sporcle when you Go Orange. This ad-free experience offers more features, more stats, and more fun while also helping to support Sporcle. Thank you for becoming a member.

Show Comments

Extras

Top Quizzes Today


Score Distribution

Your Account Isn't Verified!

In order to create a playlist on Sporcle, you need to verify the email address you used during registration. Go to your Sporcle Settings to finish the process.

Report this User

Report this user for behavior that violates our Community Guidelines.

Details: